000 00614nam a2200205Ii 4500
003 JO-AjNU
008 230605s9999||||xx |||||||||||||| ||und||
040 _aJO-AjNU
_bara
_erda
_cJO-AjNU
041 _aara
050 1 4 _aBP80.A5.U9277.1982
100 3 _aالعزيزي، روكس بن زائد ,
_eauthor
_941048
245 0 0 _aالإمام علي أسد الإسلام وقديسه
250 _aط3
264 3 1 _aد.م:د.ن،1982
300 _a215ص
336 _atext
_btxt
_2rdacontent
337 _aunmediated
_bn
_2rdamedia
338 _avolume
_bnc
_2rdacarrier
650 4 _aالامام علي
_941049
999 _aA17469
_c21037
_d21037